| 000 | 00677nam a22002417a 4500 | ||
|---|---|---|---|
| 003 | UA-OsUOA | ||
| 001 | 23326 | ||
| 007 | ta | ||
| 008 | 20040119b un ||||| |||| 00| 0 ukr d | ||
| 090 |
_a242 _bХ93 |
||
| 942 | _cBK | ||
| 040 |
_aUA-OsUOA _brus _cUA-OsUOA _dUA-OsUOA |
||
| 245 |
_aХристос и культура. Избранные труды Ричарда Нибура и Райнхольда Нибура. _cРед. С.Я.Левит Л.В.Скворцов |
||
| 300 | _a575 с. | ||
| 955 | _a0 | ||
| 041 | _arus | ||
| 080 | _a242 | ||
| 020 | _a5-7357-0050-2 | ||
| 260 |
_aМосква _bЮрист _c1996 |
||
| 044 | _aRU | ||
| 650 | 7 | _2UDC | |
| 999 |
_c309571 _d309571 |
||